00963nam a2200241 a 4500001001000000003000500010005001700015008004100032010001100073011001100084040000900095100002900104245015800133260004100291500006000332502009900392650003900491650002500530650002900555650002800584650003900612856007000651000113685CHAP20220329144408.0170907s2017 mx sm |||||||spa d a110146 a111118 cCHAP1 aGonzález Frias, Hector10aAnalisis de la rentabilidad privada del cultivo de brócoli (Brassica oleraceae), en el Estado de Guanajuatoh[En línea]cpor Hector González Frias. aChapingo, Méx. :bEl autor,c2017. aPara ver el contenido del material haga clic en la liga aTesis (Ing. Economía Agrícola) -- UACH. División de Ciencias Económico Administrativas14aBrócolixCostos de producción.14aBrócolixMercadeo.14aBrócolixProducción.14aBrócolixRendimiento.14aPolítica agrícolaxGuanajuato. aFinding aiduhttp://10.13.5.2/tesis/sist113685.pdfzTeclea aquí